| 000 | 00491nam a2200181 4500 | ||
|---|---|---|---|
| 008 | 241020b |||||||| |||| 00| 0 eng d | ||
| 020 | _a9789937303873 | ||
| 082 |
_223rd _a658.8/Aw12s |
||
| 100 | _aAwale, Sushil | ||
| 245 | _aServices marketing: in Nepalese perspective | ||
| 250 | _a5th edition | ||
| 260 |
_aKathmandu: _bBuddha publication, _c2021 |
||
| 300 | _a326p.:ills. | ||
| 504 | _aBibliography included | ||
| 650 | _aMarketing | ||
| 650 | _aManagement | ||
| 942 |
_2ddc _cISBN |
||
| 999 |
_c117261 _d117249 |
||